[Event "Montigny le Bretonneux op 22nd"]
[Site "Montigny le Bretonneux"]
[Date "2018.05.12"]
[Round "6"]
[White "Zareli, Youssef"]
[Black "Harang, Mathurin"]
[Result "1-0"]
[WhiteElo "1190"]
[BlackElo "1099"]
[PlyCount "53"]
[EventDate "2018.05.10"]
[EventType "swiss"]
[EventRounds "9"]
[EventCountry "FRA"]
[SourceTitle "CBM 184 Extra"]
[Source "ChessBase"]
[SourceDate "2018.06.28"]
[SourceVersion "1"]
[SourceVersionDate "2018.06.28"]
[SourceQuality "1"]

1. e4 e5 2. Nf3 Nf6 3. Nc3 Bc5 4. Nxe5 d6 5. Nf3 Bg4 6. Be2 0-0 7. h3 Bxf3 8. Bxf3 Nc6 9. d3 Qd7 10. 0-0 Rae8 11. Bf4 Re7 12. Bg5 h6 13. Bg4 Nxe4 14. Bxe7 Nxc3 15. bxc3 b5 16. Bxd7 Rb8 17. Bxc6 Rb6 18. Bd5 b4 19. cxb4 Bxb4 20. Rb1 a5 21. c3 c6 22. Bxc6 g5 23. Bd5 h5 24. cxb4 axb4 25. Qxh5 Kg7 26. Qxf7+ Kh6 27. Bf8# 1-0